| 000 | 00867nac a22002291u 4500 | ||
|---|---|---|---|
| 010 | _a 86024552 | ||
| 020 | _a0582994675 (pbk.) | ||
| 020 | _a0470207329 (Wiley : pbk.) | ||
| 082 | 0 | 0 |
_a621.381 _bJ942 |
| 090 |
_c4473 _d4473 |
||
| 100 | _aJulian, Michael, | ||
| 245 | 1 | 0 |
_aCircuits, signals, and devices / _cMichael Julian. |
| 260 |
_aHarlow, Essex, England : _bLongman Scientific & Technical ; _aNew York : _bWiley, _c1988. |
||
| 300 |
_axii, 515 p. : _bill. ; _c24 cm. |
||
| 500 | _aSpine title: Circuits, signals & devices. | ||
| 504 | _aIncludes bibliographies and index. | ||
| 650 | 0 | _aElectronics. | |
| 650 | 0 | _aElectric engineering. | |
| 740 | 0 | _aCircuits, signals & devices. | |
| 942 |
_cBB _k621.381J942 |
||
| 999 |
_c4473 _d4473 |
||